Las PYMES Principales causas de fracaso y como combatirlas

Detalles Bibliográficos
Autor principal: Debernardo, Hčtor
Otros Autores: Hurtado Hernǹdez, Margarita
Formato: eBook
Lenguaje:español
Publicado: Mx̌ico D.F. : Ediciones Fiscales ISEF, 2010
Materias:
Acceso en línea:http://www.vlex.com/source/10993

MARC

LEADER 00000nam a22000007a 4500
005 20130425160240.0
007 cr|||| ||||
008 130425e2010 mx |||||s|||| 00||0 spa d
020 |a 978-970-811-203-1 
035 |a 10993 
040 |a vLex 
090 |c 4167  |d 4167 
100 1 0 |a Debernardo, Hčtor  
245 1 4 |a Las PYMES  |b Principales causas de fracaso y como combatirlas  |c / Hčtor Debernardo, Margarita Hurtado Hernǹdez   |h [Recurso electrn̤ico] 
256 |a Servicio en ln̕ea 
260 |a Mx̌ico D.F. :  |b Ediciones Fiscales ISEF,  |c 2010 
300 |a 1 Recurso electrn̤ico 
506 |d vLex Global  |d vLex Global (Academic Edition, excluding Law Schools)  |d vLex Global (U.S. Academic Edition, Law Schools)  |d vLex Global (U.S. Academic Edition, excluding Law Schools)  |d vLex Global (Academic Edition, Law Schools) 
650 4 |a Administracin̤ (Management) 
700 1 0 |a Hurtado Hernǹdez, Margarita  
740 |a vLex Libros (Servicio en ln̕ea) 
856 |a Acceso restringido  |u http://www.vlex.com/source/10993 
942 |c BOOK 
999 0 |a Management